Yavanika / (Record no. 464)
[ view plain ]
| 000 -LEADER | |
|---|---|
| fixed length control field | 00309cam a2200121ua 4500 |
| 082 ## - DEWEY DECIMAL CLASSIFICATION NUMBER | |
| Classification number | 894.812 2 |
| Item number | PAD/YA |
| 100 ## - MAIN ENTRY--AUTHOR NAME | |
| Personal name | Padmanabha Pillai, Kainikara . |
| 245 ## - TITLE STATEMENT | |
| Title | Yavanika / |
| 260 ## - PUBLICATION, DISTRIBUTION, ETC. (IMPRINT) | |
| Place of publication | Kottayam : |
| Name of publisher | National Book Stall , |
| Year of publication | 1959. |
| 300 ## - PHYSICAL DESCRIPTION | |
| Number of Pages | 135 ; . |
| 650 ## - SUBJECT ADDED ENTRY--TOPICAL TERM | |
| Topical Term | Drama - Malayalam |
| 942 ## - ADDED ENTRY ELEMENTS (KOHA) | |
| Koha item type | Books |
| Withdrawn status | Lost status | Damaged status | Home library | Current library | Date acquired | Cost, normal purchase price | Full call number | Accession Number | Koha item type |
|---|---|---|---|---|---|---|---|---|---|
| Withdrawn | KAUAET | KAUAET | 07/04/2012 | 2.00 | 894.812 2 | 257 | Books | ||
| KAUAET | KAUAET | 07/04/2012 | 894.812 2 | 13243 | Books |
